| 000 | 00873cam a22002532 4500 | ||
|---|---|---|---|
| 001 | 0000002751 | ||
| 005 | 20151217151904.0 | ||
| 008 | 070419s xx 000 0 eng d | ||
| 020 |
_a9966465715 : _cKES 240 |
||
| 040 |
_aKABU _cKABU |
||
| 050 | 0 |
_aPR9381.9 _b.I43U83 1994 |
|
| 100 | 1 |
_aImbuga, Francis. _@0000152262 |
|
| 245 | 1 | 0 |
_aUsaliti mjini / _cFrancis Imbuga; kimetafsiriwa na Adaka Kisia na Josephat Wasyatsa. |
| 260 |
_aNairobi : _bEast African Educational Publishers, _c1994. |
||
| 300 |
_a104 p. ; _c18 cm. |
||
| 440 | 0 |
_aWaandishi wa kiafrika _vS41 ; _@0000152123 |
|
| 500 | _aSwahili translation of: Betrayal in the city. | ||
| 651 | 0 |
_aAfrica _xDrama. _@0000152263 |
|
| 700 | 1 |
_aKisia, Adaka. _@0000152264 |
|
| 700 | 1 |
_aWasyatsa, Josephat. _@0000152265 |
|
| 908 | _a070419 | ||
| 950 | _@1 | ||
| 999 |
_c6007 _d6007 |
||